LEADER 01852oam 2200517M 450 001 9910716289703321 005 20200213071004.5 035 $a(CKB)5470000002519224 035 $a(OCoLC)1065635241 035 $a(OCoLC)995470000002519224 035 $a(EXLCZ)995470000002519224 100 $a20071213d1926 ua 0 101 0 $aeng 135 $aurcn||||||||| 181 $ctxt$2rdacontent 182 $cc$2rdamedia 183 $acr$2rdacarrier 200 10$aExtending the benefits of the Employees' Compensation Act to Alton Harwell. March 25, 1926. -- Ordered to be printed 210 1$a[Washington, D.C.] :$c[U.S. Government Printing Office],$d1926. 215 $a1 online resource (2 pages) 225 1 $aSenate report / 69th Congress, 1st session. Senate ;$vno. 470 225 1 $a[United States congressional serial set] ;$v[serial no. 8527] 300 $aBatch processed record: Metadata reviewed, not verified. Some fields updated by batch processes. 300 $aFDLP item number not assigned. 606 $aClaims 606 $aEmployers' liability 606 $aIndustrial accidents 606 $aIndustrial safety 606 $aPostal service$xEmployees 606 $aTemporary employees 608 $aLegislative materials.$2lcgft 615 0$aClaims. 615 0$aEmployers' liability. 615 0$aIndustrial accidents. 615 0$aIndustrial safety. 615 0$aPostal service$xEmployees. 615 0$aTemporary employees. 701 $aMeans$b Rice William$f1877-1949$pRepublican (CO)$01386800 801 0$bWYU 801 1$bWYU 801 2$bOCLCO 801 2$bOCLCQ 906 $aBOOK 912 $a9910716289703321 996 $aExtending the benefits of the Employees' Compensation Act to Alton Harwell. March 25, 1926. -- Ordered to be printed$93521257 997 $aUNINA